000 00859pam a2200241 a 4500
001 4982145
005 20241108153230.0
008 980923s1999 maua 001 0 eng
020 _a0070363099
050 0 0 _aTS176
_b.K635 1999
082 0 0 _a658.5
_221
100 1 _aKolarik, William J.
245 1 0 _aCreating quality :
_bprocess design for results /
_cWilliam J. Kolarik.
260 _aBoston :
_bWCB/McGraw-Hill,
_cc1999.
300 _axii, 641 p. :
_bill. ;
_c24 cm.
440 0 _aMcGraw-Hill series in industrial engineering and management science
500 _aIncludes indexes.
650 0 _aProduction engineering.
650 0 _aQuality control.
856 4 2 _3Publisher description
_uhttp://www.loc.gov/catdir/description/mh023/98046222.html
856 4 1 _3Table of contents
_uhttp://www.loc.gov/catdir/toc/mh022/98046222.html
942 _2lcc
_cBK
_n0
999 _c901
_d901